[Event "Col Ch "]
[Site "Ibague "]
[Date "2013.07.06"]
[Round "9.78"]
[White "Figueroa Salcedo, Reinaldo Ar"]
[Black "Sanchez Lopez, Luis Antonio"]
[Result "1/2-1/2"]
[WhiteElo "1717"]
[BlackElo "1642"]
[PlyCount "30"]
[EventDate "2013.07.01"]
[EventType "swiss"]
[EventRounds "11"]
[EventCountry "COL"]
[SourceDate "2005.09.12"]

1. e4 e5 2. Nf3 Nc6 3. Bc4 Bc5 4. c3 Nf6 5. d4 exd4 6. cxd4 Bb4+ 7. Nc3 d6 8.
O-O Bg4 9. a3 Bxc3 10. bxc3 Nxe4 11. d5 Ne7 12. Qd4 Bxf3 13. gxf3 Nf6 14. Re1
Kf8 15. Bg5 Qd7 1/2-1/2

[Event "Col Ch "]
[Site "Ibague "]
[Date "2013.07.06"]
[Round "9.79"]
[White "Ramirez, Carlos Henry"]
[Black "O Neil, Donovan"]
[Result "1-0"]
[WhiteElo "1647"]
[BlackElo "1692"]
[PlyCount "41"]
[EventDate "2013.07.01"]
[EventType "swiss"]
[EventRounds "11"]
[EventCountry "COL"]
[SourceDate "2005.09.12"]

1. e4 e5 2. Bc4 Bc5 3. Nf3 d6 4. d3 Nf6 5. Be3 Nbd7 6. O-O O-O 7. Nbd2 Bb6 8.
c3 Ng4 9. Bxb6 Nxb6 10. Bb3 Kh8 11. h3 Nh6 12. Nh2 f5 13. f4 Qh4 14. fxe5 dxe5
15. Ndf3 Qg3 16. Qe2 fxe4 17. Qxe4 Bxh3 18. Rf2 Ng4 19. Nxg4 Rxf3 20. Qxf3 Qxg4
21. Qf8+ 1-0

[Event "Col Ch "]
[Site "Ibague "]
[Date "2013.07.06"]
[Round "9.80"]
[White "Ricciulli Vargas, Roberth Elie"]
[Black "Perez Lombana, Kevin Esteban"]
[Result "1-0"]
[WhiteElo "1762"]
[BlackElo "1439"]
[PlyCount "55"]
[EventDate "2013.07.01"]
[EventType "swiss"]
[EventRounds "11"]
[EventCountry "COL"]
[SourceDate "2005.09.12"]

1. e4 c5 2. Nf3 d6 3. Bb5+ Bd7 4. Bxd7+ Nxd7 5. c4 Ngf6 6. Nc3 e5 7. O-O Be7 8.
d3 O-O 9. Bg5 h6 10. Bxf6 Nxf6 11. h3 Nh7 12. Nd5 Bg5 13. Rb1 Nf6 14. Nxg5 Nxd5
15. cxd5 Qxg5 16. Qc1 Qxc1 17. Rfxc1 f5 18. b4 fxe4 19. dxe4 cxb4 20. Rxb4 b6
21. Rc7 Rfc8 22. Rbc4 Rxc7 23. Rxc7 b5 24. f3 a5 25. Rc6 Rd8 26. Rb6 b4 27. Ra6
Rc8 28. Rxa5 1-0

[Event "Col Ch "]
[Site "Ibague "]
[Date "2013.07.06"]
[Round "10.2"]
[White "Torres, Juan Camilo"]
[Black "Barrientos, Sergio E"]
[Result "1/2-1/2"]
[WhiteElo "2341"]
[BlackElo "2476"]
[PlyCount "119"]
[EventDate "2013.07.01"]
[EventType "swiss"]
[EventRounds "11"]
[EventCountry "COL"]
[SourceDate "2005.09.12"]
[WhiteClock "0:09:53"]
[BlackClock "0:14:42"]

1. d4 Nf6 2. c4 e6 3. Nf3 b6 4. g3 Bb4+ 5. Bd2 Be7 6. Bg2 c6 7. O-O d5 8. Nc3
O-O 9. Ne5 Ba6 10. Qa4 Qe8 11. Rac1 Bxc4 12. Nxc4 b5 13. Qa5 bxc4 14. b3 cxb3
15. axb3 Nbd7 16. Na4 Qb8 17. Rxc6 Qxb3 18. Rfc1 Rab8 19. Bf4 Bb4 20. Qa6 Qa3
21. Nc5 Nxc5 22. Qxa3 Bxa3 23. Bxb8 Bxc1 24. Bxa7 Nb3 25. Rc3 Nxd4 26. Bxd4 Bb2
27. Bxf6 gxf6 28. Rb3 Be5 29. Bf3 Kg7 30. Rb7 Kg6 31. Kg2 f5 32. Rb6 Bf6 33.
Ra6 Rc8 34. Ra2 Rc3 35. Rd2 d4 36. Ra2 Be7 37. Bb7 Ba3 38. Rd2 e5 39. Bd5 Rc5
40. Bb3 Rc3 41. Rd3 Rc1 42. Rd1 Rc7 43. Ra1 Bc1 44. Ra6+ Kg7 45. Rb6 f4 46. Bd5
f5 47. Rc6 Rxc6 48. Bxc6 Kf6 49. Bd5 h6 50. f3 Bd2 51. Kh3 e4 52. gxf4 Bxf4 53.
fxe4 Ke5 54. Bc6 fxe4 55. Bb7 h5 56. Bc6 Bg5 57. Kg3 Bd2 58. h4 Be1+ 59. Kh3
Kf4 60. Be8 1/2-1/2

[Event "Col Ch "]
[Site "Ibague "]
[Date "2013.07.06"]
[Round "10.3"]
[White "Mosquera, Miguel"]
[Black "Tovio, Israel"]
[Result "1/2-1/2"]
[WhiteElo "2391"]
[BlackElo "2291"]
[PlyCount "112"]
[EventDate "2013.07.01"]
[EventType "swiss"]
[EventRounds "11"]
[EventCountry "COL"]
[SourceDate "2005.09.12"]
[WhiteClock "0:09:27"]
[BlackClock "0:00:54"]

1. e4 c5 2. Nf3 d6 3. d4 cxd4 4. Nxd4 Nf6 5. Nc3 a6 6. f3 e5 7. Nb3 Be6 8. Be3
Be7 9. Qd2 O-O 10. O-O-O a5 11. Bb5 Na6 12. Kb1 Qb8 13. g4 Nc7 14. g5 Nxb5 15.
Nxb5 Nh5 16. a4 Rc8 17. Nc3 Rc4 18. Nd5 Bd8 19. Nb6 Bxb6 20. Bxb6 Rc6 21. Be3
b5 22. Nxa5 Rca6 23. b4 bxa4 24. Ka1 Qb5 25. Rb1 Rc8 26. Rhc1 Bc4 27. Nxc4 Rxc4
28. Qd5 Qxd5 29. exd5 Nf4 30. b5 Ra8 31. b6 Rb8 32. Bxf4 exf4 33. Rb5 Kf8 34.
Rcb1 Rxc2 35. Ra5 Rc3 36. Rxa4 Rxf3 37. b7 Re3 38. Ra8 Ree8 39. Ra3 Re7 40. Ra8
Ree8 41. Ra3 f6 42. gxf6 g5 43. h4 h6 44. hxg5 hxg5 45. Rg1 Kf7 46. Rxg5 Kxf6
47. Rg4 Ke5 48. Rg7 Rf8 49. Re7+ Kd4 50. Kb2 f3 51. Ra1 f2 52. Rf1 Kxd5 53. Kc2
Kc6 54. Kd3 Rf5 55. Rc1+ Rc5 56. Rf1 Kd5 {Kd4+} 1/2-1/2

[Event "Col Ch "]
[Site "Ibague "]
[Date "2013.07.06"]
[Round "10.4"]
[White "Nunez V, Daniel"]
[Black "Arenas, David"]
[Result "0-1"]
[WhiteElo "2225"]
[BlackElo "2437"]
[PlyCount "62"]
[EventDate "2013.07.01"]
[EventType "swiss"]
[EventRounds "11"]
[EventCountry "COL"]
[SourceDate "2005.09.12"]
[WhiteClock "0:03:40"]
[BlackClock "0:12:38"]

1. e4 c5 2. Nc3 g6 3. f4 Bg7 4. Nf3 d6 5. Bb5+ Bd7 6. Bxd7+ Qxd7 7. O-O Nc6 8.
d3 Nf6 9. h3 O-O 10. Be3 Qd8 11. Qe1 Nd7 12. f5 e6 13. Bg5 Qb6 14. Qh4 Qxb2 15.
f6 Bh8 16. Ne2 Bxf6 17. Rab1 Qxc2 18. Ng3 Bg7 19. Rxb7 Nde5 20. Bf6 Nxf3+ 21.
Rxf3 Ne5 22. Rf4 Bxf6 23. Qxf6 Rab8 24. Rxb8 Rxb8 25. Kh2 Qd1 26. Qe7 h6 27.
Qxd6 Rb1 28. h4 Qg1+ 29. Kh3 Qe3 30. Qxe5 Rh1+ 31. Kg4 f5+ 0-1

[Event "Col Ch "]
[Site "Ibague "]
[Date "2013.07.06"]
[Round "10.5"]
[White "Munoz, Jhon Edison"]
[Black "Gallego Alcaraz, Andres Felipe"]
[Result "0-1"]
[WhiteElo "2214"]
[BlackElo "2414"]
[PlyCount "82"]
[EventDate "2013.07.01"]
[EventType "swiss"]
[EventRounds "11"]
[EventCountry "COL"]
[SourceDate "2005.09.12"]
[WhiteClock "0:31:46"]
[BlackClock "0:47:07"]

1. d4 Nf6 2. Nf3 g6 3. Bg5 Bg7 4. Nbd2 d5 5. e3 Nbd7 6. c4 O-O 7. cxd5 Nxd5 8.
Qb3 c6 9. Be2 Qe8 10. Ne4 h6 11. Bh4 e5 12. Nd6 Qe6 13. dxe5 Nxe5 14. Nxc8
Rfxc8 15. Nd4 Qd7 16. O-O c5 17. Nf3 Nb6 18. Rad1 Qc7 19. Bg3 Qe7 20. Nxe5 Bxe5
21. Bxe5 Qxe5 22. Qb5 Rab8 23. Bf3 Qf6 24. Rd2 a6 25. Qe2 Na4 26. Rd7 b5 27. b3
Nc3 28. Qc2 Rd8 29. Rc7 Rbc8 30. Rxc8 Rxc8 31. Bb7 Rb8 32. Bf3 Rd8 33. Rc1 b4
34. h3 Rd6 35. Qb2 Qd8 36. Rc2 a5 37. a3 h5 38. axb4 cxb4 39. Rxc3 bxc3 40.
Qxc3 Rd2 41. Kf1 Qd3+ 0-1

[Event "Col Ch "]
[Site "Ibague "]
[Date "2013.07.06"]
[Round "10.6"]
[White "Dominguez, Ramiro"]
[Black "Herrera, Juan Sebastian"]
[Result "1/2-1/2"]
[WhiteElo "2225"]
[BlackElo "2205"]
[PlyCount "55"]
[EventDate "2013.07.01"]
[EventType "swiss"]
[EventRounds "11"]
[EventCountry "COL"]
[SourceDate "2005.09.12"]
[WhiteClock "0:27:24"]
[BlackClock "0:11:36"]

1. e4 c5 2. Nf3 e6 3. d4 cxd4 4. Nxd4 a6 5. Bd3 Nc6 6. Nxc6 dxc6 7. Nd2 Qc7 8.
Qe2 e5 9. a4 Nf6 10. Nc4 Be6 11. O-O Bc5 12. Be3 Nd7 13. Rfd1 b5 14. axb5 cxb5
15. Nd2 O-O 16. c3 Rfc8 17. Bb1 Qb6 18. Nf1 a5 19. Ba2 Bxa2 20. Rxd7 Qc6 21.
Rd2 Bc4 22. Qf3 Bf8 23. Ng3 a4 24. Nf5 Bb3 25. Qg4 b4 26. cxb4 Qc1+ 27. Rd1
Bxd1 28. Nh6+ 1/2-1/2

[Event "Col Ch "]
[Site "Ibague "]
[Date "2013.07.06"]
[Round "10.7"]
[White "Zuluaga, Cesar"]
[Black "Otero, Daniel"]
[Result "1/2-1/2"]
[WhiteElo "2402"]
[BlackElo "2135"]
[PlyCount "126"]
[EventDate "2013.07.01"]
[EventType "swiss"]
[EventRounds "11"]
[EventCountry "COL"]
[SourceDate "2005.09.12"]
[WhiteClock "0:10:05"]
[BlackClock "0:06:36"]

1. d4 Nf6 2. Nf3 e6 3. Bf4 b6 4. e3 Bb7 5. Nbd2 c5 6. c3 Be7 7. h3 O-O 8. Bd3
d6 9. Qe2 Re8 10. O-O Nc6 11. Bh2 Bf8 12. Rfd1 a6 13. a3 cxd4 14. exd4 Ne7 15.
Re1 Ng6 16. Qd1 Nd5 17. Qb1 b5 18. a4 Bc6 19. axb5 axb5 20. Qc2 Qd7 21. Bf1 Nb6
22. Qb3 Rxa1 23. Rxa1 Ra8 24. Rxa8 Nxa8 25. Ne1 Nb6 26. Nd3 Bd5 27. Qc2 Nc4 28.
Nb1 Na5 29. Nc1 Bc4 30. Nd2 d5 31. Nd3 Bxd3 32. Bxd3 b4 33. Bg3 Qb7 34. h4 bxc3
35. bxc3 Be7 36. Qa4 Nc6 37. h5 Nf8 38. Bb5 Nb8 39. Nf3 Nbd7 40. Bf4 Nf6 41. h6
Ng6 42. Bd2 Ne4 43. hxg7 Kxg7 44. Be1 Nd6 45. Bf1 Qb1 46. g3 Ne4 47. c4 Ng5 48.
Nxg5 Qxe1 49. Nf3 Qe4 50. Qb3 dxc4 51. Bxc4 Bf6 52. d5 exd5 53. Bxd5 Qe7 54.
Kg2 Qd7 55. Nh2 h5 56. Qf3 h4 57. Ng4 Qe7 58. Ne3 hxg3 59. Nf5+ Kf8 60. fxg3
Qd8 61. Nh6 Ne5 62. Qa3+ Be7 63. Qa2 Bg5 1/2-1/2

[Event "Col Ch "]
[Site "Ibague "]
[Date "2013.07.06"]
[Round "10.8"]
[White "Rios Parra, Alejandro"]
[Black "Cifuentes, Jhon Jairo"]
[Result "0-1"]
[WhiteElo "2344"]
[BlackElo "2120"]
[PlyCount "42"]
[EventDate "2013.07.01"]
[EventType "swiss"]
[EventRounds "11"]
[EventCountry "COL"]
[SourceDate "2005.09.12"]

1. e4 c5 2. Nf3 d6 3. d4 cxd4 4. Nxd4 Nf6 5. Nc3 a6 6. f4 e5 7. Nf3 Nc6 8. Bd3
Be7 9. O-O exf4 10. Kh1 Ne5 11. Bxf4 Bg4 12. Qe1 Bxf3 13. gxf3 O-O 14. Rd1 Qc8
15. Bg5 Qh3 16. Be2 Nfg4 17. Bf4 Bh4 18. Qd2 Nf2+ 19. Rxf2 Bxf2 20. Qxd6 Ng6
21. Nd5 Nh4 0-1

[Event "Col Ch "]
[Site "Ibague "]
[Date "2013.07.06"]
[Round "10.9"]
[White "Sanchez, Sebastian Felipe"]
[Black "Lozano, Nestor Favian"]
[Result "1-0"]
[WhiteElo "2328"]
[BlackElo "2110"]
[PlyCount "83"]
[EventDate "2013.07.01"]
[EventType "swiss"]
[EventRounds "11"]
[EventCountry "COL"]
[SourceDate "2005.09.12"]
[WhiteClock "0:32:07"]
[BlackClock "0:31:46"]

1. e4 c5 2. Nf3 g6 3. d4 cxd4 4. Qxd4 Nf6 5. e5 Nc6 6. Qa4 Nd5 7. Qe4 Nb6 8.
Nc3 d5 9. exd6 Bf5 10. Qf4 Qxd6 11. Bb5 Qxf4 12. Bxf4 Bg7 13. Be5 f6 14. Bc7
O-O 15. O-O-O Kh8 16. h3 e5 17. g4 Bc8 18. Kb1 Nd4 19. Nxd4 exd4 20. Ne2 f5 21.
g5 Nd5 22. Bd6 Rd8 23. Bc5 Nc7 24. Bxd4 Bxd4 25. Nxd4 a6 26. Be2 Be6 27. h4 Bd5
28. Bf3 Rd6 29. Bxd5 Rxd5 30. c4 Re5 31. Nf3 Re7 32. Rhe1 Rae8 33. Rxe7 Rxe7
34. Re1 Rxe1+ 35. Nxe1 Ne6 36. Kc2 Kg7 37. b4 h6 38. Nf3 Nf4 39. Kd2 hxg5 40.
hxg5 Nh3 41. Ke3 f4+ 42. Ke2 1-0

[Event "Col Ch "]
[Site "Ibague "]
[Date "2013.07.06"]
[Round "10.10"]
[White "Castaneda, Jhon David"]
[Black "Agudelo, Antonio"]
[Result "1-0"]
[WhiteElo "2123"]
[BlackElo "2275"]
[PlyCount "119"]
[EventDate "2013.07.01"]
[EventType "swiss"]
[EventRounds "11"]
[EventCountry "COL"]
[SourceDate "2005.09.12"]
[WhiteClock "0:45:03"]
[BlackClock "0:21:55"]

1. d4 Nf6 2. Nf3 g6 3. c4 Bg7 4. Nc3 O-O 5. e4 d6 6. Be2 Bg4 7. Ng1 Bxe2 8.
Ngxe2 Nc6 9. f3 e5 10. Be3 Nd7 11. d5 Ne7 12. g4 f5 13. gxf5 gxf5 14. Qd2 f4
15. Bf2 a6 16. h4 Kh8 17. Nc1 Rg8 18. Nd3 b6 19. O-O-O Bf6 20. Kb1 Qe8 21. Rh2
Qh5 22. Qe2 Rg7 23. Rdh1 Rag8 24. Ne1 Ra8 25. b3 Rgg8 26. Qf1 Nf8 27. Kb2 Qe8
28. Rg1 Rxg1 29. Qxg1 h5 30. Qf1 Qd7 31. Ne2 Neg6 32. Nd3 Ne7 33. Kb1 Nfg6 34.
Ng1 Kg7 35. Qe1 Kf7 36. Nh3 Kg7 37. Qg1 Rh8 38. Ng5 Bxg5 39. Qxg5 a5 40. Nc1
Kf7 41. Ne2 a4 42. Nc3 axb3 43. axb3 Qc8 44. Be1 b5 45. Nxb5 Qb7 46. Ra2 Ra8
47. Rxa8 Qxa8 48. Kb2 Qc8 49. Qg2 Ng8 50. Qh1 Nf6 51. Ba5 Nxe4 52. fxe4 Qg4 53.
Bxc7 f3 54. Nxd6+ Kg8 55. Bb6 Nxh4 56. Bf2 Ng2 57. c5 Nf4 58. Qf1 Ne2 59. c6
Qf4 60. Qd1 1-0

[Event "Col Ch "]
[Site "Ibague "]
[Date "2013.07.06"]
[Round "10.12"]
[White "Soto, Christian Camilo"]
[Black "Beltran, Carlos Armando"]
[Result "0-1"]
[WhiteElo "2079"]
[BlackElo "2237"]
[PlyCount "106"]
[EventDate "2013.07.01"]
[EventType "swiss"]
[EventRounds "11"]
[EventCountry "COL"]
[SourceDate "2005.09.12"]
[WhiteClock "0:50:42"]
[BlackClock "0:42:53"]

1. c4 e5 2. Nc3 Nc6 3. g3 Nf6 4. Bg2 Bb4 5. Nd5 Be7 6. e4 O-O 7. Ne2 d6 8. h3
Nd4 9. O-O c6 10. Nxe7+ Qxe7 11. d3 Ne8 12. Be3 Nxe2+ 13. Qxe2 Nc7 14. f4 exf4
15. Bxf4 Be6 16. g4 d5 17. cxd5 cxd5 18. Rac1 Rac8 19. exd5 Nxd5 20. Bxd5 Rxc1
21. Rxc1 Qf6 22. Bxe6 Qxf4 23. Bxf7+ Qxf7 24. Rf1 Qxa2 25. Rxf8+ Kxf8 26. Qf2+
Kg8 27. Qe2 Qf7 28. Qe5 b6 29. d4 Kf8 30. d5 Qe7 31. Qf4+ Ke8 32. Qb8+ Kf7 33.
Kf1 Qf6+ 34. Ke1 Qxb2 35. Qc7+ Kf6 36. Qf4+ Ke7 37. Qe4+ Kd8 38. Qxh7 Qf6 39.
Qg8+ Kd7 40. Qa8 a5 41. Qb7+ Ke8 42. Qc6+ Ke7 43. Qc7+ Ke8 44. d6 Qe5+ 45. Kd1
Qd4+ 46. Ke2 Qe4+ 47. Kd2 Qd4+ 48. Kc2 Qc5+ 49. Kd3 Qxc7 50. dxc7 Kd7 51. h4
Kxc7 52. Ke4 Kd6 53. Kf5 a4 0-1

[Event "Col Ch "]
[Site "Ibague "]
[Date "2013.07.06"]
[Round "10.13"]
[White "Valderrama Quiceno, Esteban Al"]
[Black "Saladen, Rafael"]
[Result "0-1"]
[WhiteElo "1939"]
[BlackElo "2207"]
[PlyCount "112"]
[EventDate "2013.07.01"]
[EventType "swiss"]
[EventRounds "11"]
[EventCountry "COL"]
[SourceDate "2005.09.12"]

1. e4 c5 2. Nf3 d6 3. d4 cxd4 4. Nxd4 Nf6 5. Nc3 Nc6 6. Bc4 Qb6 7. Nb3 e6 8.
Be3 Qc7 9. f4 a6 10. Bd3 b5 11. a3 Bb7 12. O-O Be7 13. Qf3 b4 14. axb4 Nxb4 15.
Qg3 O-O 16. f5 Kh8 17. Ra4 Nxd3 18. cxd3 Rab8 19. Rc4 Qd7 20. fxe6 fxe6 21. Nd4
Rbc8 22. Rxc8 Bxc8 23. Nce2 Qb7 24. Bc1 Qb6 25. Kh1 e5 26. Nf5 Nh5 27. Qe3 Qxe3
28. Nxe3 Rxf1+ 29. Nxf1 Bg4 30. Nc3 Nf4 31. Bxf4 exf4 32. Kg1 Bf6 33. Kf2 a5
34. Nd2 Bd4+ 35. Ke1 Be6 36. Kd1 g5 37. Kc2 Bc5 38. Ne2 Bg4 39. Nf3 Kg7 40. d4
Bb4 41. Nc1 Kf6 42. Nd3 d5 43. e5+ Kf5 44. Nxb4 axb4 45. Kd3 Bh5 46. Ng1 Be8
47. Nf3 Bb5+ 48. Kc2 Ba4+ 49. Kd3 h6 50. Nd2 Bd1 51. h3 Bh5 52. Kc2 Be2 53. Kb3
h5 54. Kxb4 g4 55. hxg4+ hxg4 56. Kc5 g3 0-1

[Event "Col Ch "]
[Site "Ibague "]
[Date "2013.07.06"]
[Round "10.14"]
[White "Blandon, Luis Guillermo"]
[Black "Rojas Barrero, Andres H"]
[Result "1-0"]
[WhiteElo "1993"]
[BlackElo "2201"]
[PlyCount "63"]
[EventDate "2013.07.01"]
[EventType "swiss"]
[EventRounds "11"]
[EventCountry "COL"]
[SourceDate "2005.09.12"]

1. e4 e5 2. Nf3 Nc6 3. Bb5 a6 4. Ba4 Nf6 5. O-O Nxe4 6. d4 b5 7. Bb3 d5 8. dxe5
Be6 9. Qe2 Be7 10. Rd1 O-O 11. c4 bxc4 12. Bxc4 Bc5 13. Be3 Bxe3 14. Qxe3 Qb8
15. Bb3 Na5 16. Nbd2 Qb6 17. Nd4 Nxd2 18. Rxd2 c5 19. Nxe6 fxe6 20. Bc2 g6 21.
b3 Nc6 22. h4 Rf7 23. Qg5 Rg7 24. Re1 Rf8 25. Re3 Qb4 26. Rd1 Kh8 27. Bb1 Qa3
28. Rh3 Qb2 29. Rf1 Nxe5 30. h5 Nf3+ 31. Rxf3 Rxf3 32. h6 1-0

[Event "Col Ch "]
[Site "Ibague "]
[Date "2013.07.06"]
[Round "10.15"]
[White "Ruiz C, Joshua D"]
[Black "Lotero, Faiber"]
[Result "1-0"]
[WhiteElo "2409"]
[BlackElo "2177"]
[PlyCount "89"]
[EventDate "2013.07.01"]
[EventType "swiss"]
[EventRounds "11"]
[EventCountry "COL"]
[SourceDate "2005.09.12"]

1. e4 d5 2. exd5 Qxd5 3. Nc3 Qa5 4. d4 Nf6 5. Bd2 Bg4 6. f3 Bf5 7. g4 Bg6 8. g5
Nfd7 9. Bc4 Qb6 10. Nge2 e6 11. Bb3 Be7 12. h4 Nc6 13. Be3 O-O-O 14. Kf2 e5 15.
d5 Bc5 16. Qc1 Bxe3+ 17. Qxe3 Qxe3+ 18. Kxe3 Nb4 19. Rac1 Nc5 20. h5 Nxb3 21.
cxb3 Bf5 22. Ng3 Bd7 23. a3 Na6 24. b4 h6 25. g6 f5 26. f4 e4 27. Nge2 Rhf8 28.
Nd4 Rf6 29. Rh2 Rd6 30. Rhc2 Kb8 31. Nb3 c6 32. dxc6 Bxc6 33. b5 Bxb5 34. Nxb5
Rd3+ 35. Ke2 Rxb3 36. Nd6 Rxb2 37. Rxb2 Rxd6 38. Rb5 b6 39. Rxf5 Nc5 40. Rf8+
Kb7 41. Rf7+ Ka6 42. Rxc5 bxc5 43. Rxg7 c4 44. Rc7 c3 45. Rxc3 1-0

[Event "Col Ch "]
[Site "Ibague "]
[Date "2013.07.06"]
[Round "10.16"]
[White "Arango, Andres Mauricio"]
[Black "Mendoza, Rafael"]
[Result "0-1"]
[WhiteElo "2142"]
[BlackElo "2334"]
[PlyCount "54"]
[EventDate "2013.07.01"]
[EventType "swiss"]
[EventRounds "11"]
[EventCountry "COL"]
[SourceDate "2005.09.12"]

1. e4 e5 2. Nf3 Nc6 3. Bb5 a6 4. Ba4 Nf6 5. O-O Be7 6. Re1 b5 7. Bb3 O-O 8. c3
d6 9. h3 Bb7 10. d4 h6 11. Nbd2 Re8 12. Bc2 Bf8 13. g4 g6 14. Nf1 exd4 15. cxd4
Nb4 16. Ng3 Nxc2 17. Qxc2 d5 18. e5 Ne4 19. Be3 Rc8 20. Rad1 c5 21. dxc5 Nxc5
22. Qb1 d4 23. Rxd4 Qc7 24. Rf4 Ne6 25. Rc1 Qe7 26. Rf6 Rxc1+ 27. Bxc1 Bg7 0-1

[Event "Col Ch "]
[Site "Ibague "]
[Date "2013.07.06"]
[Round "10.18"]
[White "Castro, Alexander"]
[Black "Lopez Hernandez, Carlos Manuel"]
[Result "0-1"]
[WhiteElo "2142"]
[BlackElo "2320"]
[PlyCount "64"]
[EventDate "2013.07.01"]
[EventType "swiss"]
[EventRounds "11"]
[EventCountry "COL"]
[SourceDate "2005.09.12"]

1. d4 Nf6 2. c4 g6 3. Nc3 c5 4. d5 Bg7 5. e4 d6 6. g3 O-O 7. Bg2 a6 8. a4 e6 9.
Nge2 exd5 10. cxd5 Nbd7 11. O-O Re8 12. Bf4 Ne5 13. Qd2 Rb8 14. Bg5 b5 15. axb5
axb5 16. b4 cxb4 17. Na2 b3 18. Nb4 Nc4 19. Qf4 Bb7 20. Rab1 b2 21. Qh4 h6 22.
Bxh6 Nxe4 23. Qxd8 Rbxd8 24. Bxg7 Kxg7 25. Bxe4 Rxe4 26. Nc3 Re5 27. Rfd1 Rc8
28. Nxb5 Rc5 29. Nd4 Bxd5 30. Nd3 Be4 31. Nxe5 dxe5 32. Nb3 Rb5 0-1

[Event "Col Ch "]
[Site "Ibague "]
[Date "2013.07.06"]
[Round "10.19"]
[White "Chavarro, Hugo"]
[Black "Rengifo, Jose Ignacio"]
[Result "1-0"]
[WhiteElo "2296"]
[BlackElo "2133"]
[PlyCount "67"]
[EventDate "2013.07.01"]
[EventType "swiss"]
[EventRounds "11"]
[EventCountry "COL"]
[SourceDate "2005.09.12"]

1. Nf3 Nf6 2. c4 g6 3. g3 Bg7 4. Bg2 O-O 5. O-O d5 6. cxd5 Nxd5 7. d4 a5 8. e4
Nb6 9. Nc3 Na6 10. h3 Bd7 11. Qe2 a4 12. Be3 Nb4 13. Rac1 a3 14. b3 Qc8 15. Kh2
Ra5 16. Ne5 Be6 17. f4 f6 18. Nc4 Nxc4 19. bxc4 c5 20. Nd5 Re8 21. dxc5 Nc6 22.
Rfd1 Bf7 23. Qd2 Qb8 24. Kh1 e5 25. Nb6 Rd8 26. Qe1 Bf8 27. Rxd8 Qxd8 28. fxe5
Bxc5 29. Nd5 fxe5 30. Bxc5 Rxc5 31. Qe3 Qd6 32. Nf6+ Kg7 33. Rf1 Bxc4 34. Ne8+
1-0

[Event "Col Ch "]
[Site "Ibague "]
[Date "2013.07.06"]
[Round "10.20"]
[White "Garavito, Miguel Angel"]
[Black "Lopez Idarraga, Daniel Eduardo"]
[Result "1-0"]
[WhiteElo "2263"]
[BlackElo "2053"]
[PlyCount "55"]
[EventDate "2013.07.01"]
[EventType "swiss"]
[EventRounds "11"]
[EventCountry "COL"]
[SourceDate "2005.09.12"]

1. Nf3 d5 2. d4 c6 3. c4 e6 4. Nc3 dxc4 5. a4 Bb4 6. e3 b5 7. Bd2 a5 8. axb5
Bxc3 9. Bxc3 cxb5 10. b3 Bb7 11. bxc4 b4 12. Bb2 Nf6 13. Bd3 Nbd7 14. O-O O-O
15. Nd2 Qc7 16. f3 e5 17. Qc2 exd4 18. exd4 Nb6 19. Ne4 Nxe4 20. fxe4 a4 21. c5
a3 22. Bc1 Na4 23. Bf4 Qd8 24. Bd6 Re8 25. Qb3 Bxe4 26. Rxf7 Kh8 27. Bxe4 Qh4
28. Rf4 1-0

[Event "Col Ch "]
[Site "Ibague "]
[Date "2013.07.06"]
[Round "10.21"]
[White "Valle, Efrain"]
[Black "Dominguez, Oscar"]
[Result "1/2-1/2"]
[WhiteElo "2229"]
[BlackElo "2092"]
[PlyCount "63"]
[EventDate "2013.07.01"]
[EventType "swiss"]
[EventRounds "11"]
[EventCountry "COL"]
[SourceDate "2005.09.12"]

1. e4 c5 2. Nf3 d6 3. Bc4 Nc6 4. O-O Nf6 5. Re1 e6 6. Bb3 a6 7. c3 Be7 8. d4
cxd4 9. cxd4 d5 10. e5 Ne4 11. Nbd2 Nxd2 12. Bxd2 O-O 13. Rc1 Bd7 14. a3 f6 15.
exf6 Bxf6 16. Be3 Be8 17. Bc2 Bh5 18. Qd3 Bg6 19. Qd2 Bxc2 20. Rxc2 Qb6 21. h3
a5 22. Rd1 Rac8 23. Qd3 a4 24. Rc5 Na7 25. Rd2 Rxc5 26. dxc5 Qb5 27. Qc2 Nc6
28. Bg5 Ne5 29. Nd4 Qd7 30. Bxf6 Rxf6 31. c6 Nxc6 32. Qxa4 1/2-1/2

[Event "Col Ch "]
[Site "Ibague "]
[Date "2013.07.06"]
[Round "10.23"]
[White "Florez, Carlos Julio"]
[Black "Ramirez, Benjamin Dario"]
[Result "0-1"]
[WhiteElo "2130"]
[BlackElo "2214"]
[PlyCount "85"]
[EventDate "2013.07.01"]
[EventType "swiss"]
[EventRounds "11"]
[EventCountry "COL"]
[SourceDate "2005.09.12"]

1. e4 e5 2. Nf3 Nc6 3. Bb5 a6 4. Ba4 Nf6 5. O-O b5 6. Bb3 Be7 7. Re1 d6 8. c3
Bg4 9. h3 Bh5 10. d3 O-O 11. Nbd2 Na5 12. Bc2 c5 13. Nf1 Nd7 14. g4 Bg6 15. Ng3
Nb6 16. Kg2 Nc6 17. Rh1 d5 18. Qe2 Re8 19. h4 f6 20. h5 Bf7 21. Nh4 Bf8 22.
Nhf5 Rc8 23. Kh2 h6 24. Rg1 d4 25. cxd4 cxd4 26. Bd2 a5 27. Qd1 Nb4 28. Bb3 a4
29. Bxf7+ Kxf7 30. Bxb4 Bxb4 31. a3 Bf8 32. Qb1 Qd7 33. Qa2+ Qe6 34. Qxe6+ Rxe6
35. Rgc1 Rec6 36. Rxc6 Rxc6 37. Kg2 Rc2 38. Rb1 Rd2 39. Kf1 Rxd3 40. Ke2 Rb3
41. Kd2 Nc4+ 42. Kc2 d3+ 43. Kc1 0-1

[Event "Col Ch "]
[Site "Ibague "]
[Date "2013.07.06"]
[Round "10.24"]
[White "Cardozo, Carlos Eduardo"]
[Black "Castaneda, Jorge Luis"]
[Result "1/2-1/2"]
[WhiteElo "1990"]
[BlackElo "2199"]
[PlyCount "51"]
[EventDate "2013.07.01"]
[EventType "swiss"]
[EventRounds "11"]
[EventCountry "COL"]
[SourceDate "2005.09.12"]

1. d4 Nf6 2. Nf3 e6 3. e3 c5 4. Bd3 d5 5. c3 Nbd7 6. Nbd2 Bd6 7. O-O O-O 8. Re1
e5 9. dxe5 Nxe5 10. Nxe5 Bxe5 11. h3 Re8 12. Nf3 Bc7 13. b3 b6 14. Bb2 Bb7 15.
c4 Ne4 16. Qc2 dxc4 17. Bxc4 Ng5 18. Qf5 Nxf3+ 19. gxf3 Qe7 20. Qh5 Rad8 21.
Rad1 g6 22. Qh6 Be5 23. Bxe5 Qxe5 24. Qh4 Rxd1 25. Rxd1 Re7 26. e4 1/2-1/2

[Event "Col Ch "]
[Site "Ibague "]
[Date "2013.07.06"]
[Round "10.25"]
[White "Arango Arenas, Juan Camilo"]
[Black "Blandon Villa, Diego F"]
[Result "1/2-1/2"]
[WhiteElo "1600"]
[BlackElo "2196"]
[PlyCount "55"]
[EventDate "2013.07.01"]
[EventType "swiss"]
[EventRounds "11"]
[EventCountry "COL"]
[SourceDate "2005.09.12"]

1. e4 c5 2. Nf3 d6 3. d4 cxd4 4. Nxd4 Nf6 5. Nc3 g6 6. Be3 Bg7 7. Be2 Nc6 8.
Qd2 O-O 9. O-O-O Nxd4 10. Bxd4 Be6 11. g4 Nxg4 12. Bxg7 Kxg7 13. f4 f5 14. Bxg4
fxg4 15. h3 Qe8 16. f5 gxf5 17. hxg4 f4 18. Qd4+ Kg8 19. Rh6 Qf7 20. g5 f3 21.
Kb1 Bd7 22. Nd5 Qg7 23. Qf2 Rf7 24. Rg1 Raf8 25. Nf6+ exf6 26. gxf6 Rxf6 27.
Rxg7+ Kxg7 28. Rh1 1/2-1/2

[Event "Col Ch "]
[Site "Ibague "]
[Date "2013.07.06"]
[Round "10.28"]
[White "Ardila, Oscar Humberto"]
[Black "Pardo, Alejandro"]
[Result "0-1"]
[WhiteElo "2077"]
[BlackElo "2232"]
[PlyCount "32"]
[EventDate "2013.07.01"]
[EventType "swiss"]
[EventRounds "11"]
[EventCountry "COL"]
[SourceDate "2005.09.12"]

1. e4 c6 2. d3 d5 3. Nd2 Nf6 4. f4 Bg4 5. Be2 Bxe2 6. Nxe2 dxe4 7. dxe4 Ng4 8.
c3 e5 9. Qb3 Bc5 10. Nf3 O-O 11. Rf1 Na6 12. h3 Bb6 13. Qd1 Bf2+ 14. Rxf2 Qxd1+
15. Kxd1 Nxf2+ 16. Kc2 Nxe4 0-1